00874nam a2200265 a 4500001001300000003000900013005001700022008004100039020001000080082001600090100001600106245003400122260004300156300000900199500003500208505001300243650002000256700001600276902000800292942000700300952009500307952009600402952009500498999001500593nice12345678IN_TiNIC20260116011525.0050524s1920 lona grp 000 0 eng  ac10000a297.32bZWE aZwemer, S M aInfluence of Animism on Islam aLondonbCentral Board of Missionc1920 a246p aincludes index and biblioraphy2 aarchives aOccultism-Islam1 aZwemer, S M bSRS cBK 00104070aHMIbHMId0000-00-00g100.00l0o297.32 ZWEp944r0000-00-00w2026-01-16yARB 00104070aHMIbHMId0000-00-00g100.00l0o297.32 ZWEp1605r0000-00-00w2026-01-16yARB 00104070aHMIbHMId0000-00-00g100.00l0o297.32 ZWEp6740r0000-00-00w2026-01-16yEB c2298d2298